00402nam a2200145 a 4500008004100000020001500041050001400056100002200070245003200092260003300124300001400157350000900171500005300180650002300233120416s1959 ||||||||||||||||| || u a0070371555 aHB 75 Lek aLekachman, Robert12aA history of economic ideas aNew York:bMcGraw-Hillc1959 axiii, 427 a0.00 aIncludes bibliographical references and indexes. aECONOMICS--HISTORY